| 000 | 00839cam a2200241 a 4500 | ||
|---|---|---|---|
| 001 | 000005159 | ||
| 005 | 20200929151608.0 | ||
| 008 | 980826s1996 ck b 000 0 spa d | ||
| 020 | _a9586145174 | ||
| 040 |
_aDO-SdBNP _bspa _cLC _dBNPHU |
||
| 082 |
_a921.3 _bB919e, 1996 |
||
| 100 | 1 |
_aBucher, Jean. _914758 |
|
| 245 | 1 | 3 |
_aLa experiencia de la palabra en Heidegger / _cJean Bucher; Cecilia Balcázar Monzón. |
| 250 | _a2a ed. | ||
| 260 |
_aSanta Fé de Bogotá, (Colombia) : _bEditorial Ariel, _c1996. |
||
| 300 |
_a205 p. ; _c21 cm. |
||
| 504 | _aIncluye referencias bibliográficas. | ||
| 600 | 1 | 4 |
_aHEIDEGGER, MARTÍN, _d1889-1976 _xCRÍTICA E INTERPRETACIÓN _914759 |
| 650 | 4 |
_aFilosofía alemana _xHistoria _914760 |
|
| 700 | 1 |
_aBalcázar Monzón, Cecilia, _etr. _914761 |
|
| 910 | _aCatalogación por copia / LC | ||
| 049 | _aBNGR | ||
| 999 |
_c4962 _d4962 |
||